<?xml version="1.0" encoding="UTF-8"?><?xml-stylesheet type="text/xsl" href="static/style.xsl"?><OAI-PMH xmlns="http://www.openarchives.org/OAI/2.0/" xmlns:xsi="http://www.w3.org/2001/XMLSchema-instance" xsi:schemaLocation="http://www.openarchives.org/OAI/2.0/ http://www.openarchives.org/OAI/2.0/OAI-PMH.xsd"><responseDate>2026-04-29T12:24:11Z</responseDate><request verb="GetRecord" identifier="oai:repisalud.isciii.es:20.500.12105/23154" metadataPrefix="marc">https://repisalud.isciii.es/rest/oai/request</request><GetRecord><record><header><identifier>oai:repisalud.isciii.es:20.500.12105/23154</identifier><datestamp>2024-11-28T21:25:13Z</datestamp><setSpec>com_20.500.12105_15322</setSpec><setSpec>com_20.500.12105_2051</setSpec><setSpec>col_20.500.12105_16967</setSpec></header><metadata><record xmlns="http://www.loc.gov/MARC21/slim" xmlns:dcterms="http://purl.org/dc/terms/" xmlns:doc="http://www.lyncode.com/xoai" xmlns:xsi="http://www.w3.org/2001/XMLSchema-instance" xsi:schemaLocation="http://www.loc.gov/MARC21/slim http://www.loc.gov/standards/marcxml/schema/MARC21slim.xsd">
   <leader>00925njm 22002777a 4500</leader>
   <datafield ind2=" " ind1=" " tag="042">
      <subfield code="a">dc</subfield>
   </datafield>
   <datafield ind2=" " ind1=" " tag="720">
      <subfield code="a">González-Moreno, Juan</subfield>
      <subfield code="e">author</subfield>
   </datafield>
   <datafield ind2=" " ind1=" " tag="720">
      <subfield code="a">Gaya-Barroso, Aina</subfield>
      <subfield code="e">author</subfield>
   </datafield>
   <datafield ind2=" " ind1=" " tag="720">
      <subfield code="a">Losada-López, Inés</subfield>
      <subfield code="e">author</subfield>
   </datafield>
   <datafield ind2=" " ind1=" " tag="720">
      <subfield code="a">Rodríguez, Adrián</subfield>
      <subfield code="e">author</subfield>
   </datafield>
   <datafield ind2=" " ind1=" " tag="720">
      <subfield code="a">Bosch-Rovira, Teresa</subfield>
      <subfield code="e">author</subfield>
   </datafield>
   <datafield ind2=" " ind1=" " tag="720">
      <subfield code="a">Ripoll-Vera, Tomas</subfield>
      <subfield code="e">author</subfield>
   </datafield>
   <datafield ind2=" " ind1=" " tag="720">
      <subfield code="a">Uson, Mercedes</subfield>
      <subfield code="e">author</subfield>
   </datafield>
   <datafield ind2=" " ind1=" " tag="720">
      <subfield code="a">Figuerola, Antoni</subfield>
      <subfield code="e">author</subfield>
   </datafield>
   <datafield ind2=" " ind1=" " tag="720">
      <subfield code="a">Descals, Cristina</subfield>
      <subfield code="e">author</subfield>
   </datafield>
   <datafield ind2=" " ind1=" " tag="720">
      <subfield code="a">Montala, Carles</subfield>
      <subfield code="e">author</subfield>
   </datafield>
   <datafield ind2=" " ind1=" " tag="720">
      <subfield code="a">Ferrer-Nadal, Maria Asunción</subfield>
      <subfield code="e">author</subfield>
   </datafield>
   <datafield ind2=" " ind1=" " tag="720">
      <subfield code="a">Cisneros-Barroso, Eugenia</subfield>
      <subfield code="e">author</subfield>
   </datafield>
   <datafield ind2=" " ind1=" " tag="260">
      <subfield code="c">2021-06-10</subfield>
   </datafield>
   <datafield ind2=" " ind1=" " tag="520">
      <subfield code="a">Background: Hereditary transthyretin (TTR) amyloidosis (ATTRv) is a heterogeneous disease with a clinical presentation that varies according to geographical area and TTR mutation. The symptoms of Val50Met-ATTRv are mainly neuropathic and progress to complete disability and death in most untreated patients within 10 to 15 years of diagnosis. The neurological effects may also be accompanied by gastrointestinal impairment, cardiomyopathy, nephropathy and/or ocular deposition. The disease is thus associated with a high degree of patient disability. Accordingly, we aimed to describe the psychosocial burden associated with ATTRv in a group of patients, asymptomatic Val50Met carriers, relatives and caregivers in the endemic focus of the disease in Majorca via a survey addressing various aspects related to psychosocial burden. We performed a an observational, descriptive, cross-sectional and multicentre study in order to analyze the prevalence of self-reported impact of ATTRv disease upon their daily life. In addition to the self-knowledge, fear and burden related to the disease. The survey was disseminated during the regular follow up at the outpatient clinic of the Hospital Universitario Son Llatzer and during the meetings organized by the andrade's Disease patients' advocacy group from the Balearic Islands. These meetings were attended also by subjects followed up by the Hospital Universitario Son Espases and their caregivers and relatives. Survey was self-administrated. No intervention was done by the investigators. 85 subjects completed the survey: 61 carrying the TTR-V50M variant and 24 caregivers or relatives. Results: Our study revealed that, although most of the population studied had had prior contact with ATTRv through affected relatives, there was still a lack of information regarding disease diagnosis. Fear of the genetic test result and psychological issues were common in our population. Moreover, the disease had a stronger impact on the daily life of our patients than that of our asymptomatic carriers. Autonomic symptoms were the main source of burden for relatives and caregivers. Conclusion: Our survey results show high psychosocial burden associated with Val50Met-ATTRv in our area.</subfield>
   </datafield>
   <datafield ind1="8" ind2=" " tag="024">
      <subfield code="a">Gonzalez-Moreno J, Gaya-Barroso A, Losada-Lopez I, Rodriguez A, Bosch-Rovira T, Ripoll-Vera T, et al. Val50Met hereditary transthyretin amyloidosis: not just a medical problem, but a psychosocial burden. Orphanet J Rare Dis. 2021 Jun 10;16(1):266.</subfield>
   </datafield>
   <datafield ind1="8" ind2=" " tag="024">
      <subfield code="a">10.1186/s13023-021-01910-5</subfield>
   </datafield>
   <datafield ind1="8" ind2=" " tag="024">
      <subfield code="a">1750-1172</subfield>
   </datafield>
   <datafield ind1="8" ind2=" " tag="024">
      <subfield code="a">Orphanet Journal of Rare Diseases</subfield>
   </datafield>
   <datafield ind1="8" ind2=" " tag="024">
      <subfield code="a">https://hdl.handle.net/20.500.13003/19900</subfield>
   </datafield>
   <datafield ind1="8" ind2=" " tag="024">
      <subfield code="a">34112225</subfield>
   </datafield>
   <datafield ind1="8" ind2=" " tag="024">
      <subfield code="a">L2012332014</subfield>
   </datafield>
   <datafield ind1="8" ind2=" " tag="024">
      <subfield code="a">2-s2.0-85107461469</subfield>
   </datafield>
   <datafield ind1="8" ind2=" " tag="024">
      <subfield code="a">https://hdl.handle.net/20.500.12105/23154</subfield>
   </datafield>
   <datafield ind1="8" ind2=" " tag="024">
      <subfield code="a">664111600004</subfield>
   </datafield>
   <datafield tag="653" ind2=" " ind1=" ">
      <subfield code="a">Hereditary transthyretin amyloidosis</subfield>
   </datafield>
   <datafield tag="653" ind2=" " ind1=" ">
      <subfield code="a">Burden of disease</subfield>
   </datafield>
   <datafield tag="653" ind2=" " ind1=" ">
      <subfield code="a">Rare disease</subfield>
   </datafield>
   <datafield tag="653" ind2=" " ind1=" ">
      <subfield code="a">Well-being</subfield>
   </datafield>
   <datafield tag="653" ind2=" " ind1=" ">
      <subfield code="a">Caregivers</subfield>
   </datafield>
   <datafield ind2="0" ind1="0" tag="245">
      <subfield code="a">Val50Met hereditary transthyretin amyloidosis: not just a medical problem, but a psychosocial burden</subfield>
   </datafield>
</record></metadata></record></GetRecord></OAI-PMH>